| 000 -LEADER |
| fixed length control field |
00486nam a22001817a 4500 |
| 008 - FIXED-LENGTH DATA ELEMENTS--GENERAL INFORMATION |
| fixed length control field |
150930b xxu||||| |||| 00| 0 eng d |
| 020 ## - INTERNATIONAL STANDARD BOOK NUMBER |
| International Standard Book Number |
0256028249 |
| 041 0# - LANGUAGE CODE |
| Language code of text/sound track or separate title |
eng |
| 080 ## - UNIVERSAL DECIMAL CLASSIFICATION NUMBER |
| Universal Decimal Classification number |
005 |
| 100 1# - Rafti |
| Rafti |
Awad, Elias M. |
| 245 10 - TITLE STATEMENT |
| Title |
Systems analysis and design / |
| Statement of responsibility, etc |
Elias M. Awad. |
| 250 ## - |
| -- |
2nd ed. |
| 260 ## - |
| -- |
Homewood, Ill. : |
| -- |
R.D. Irwin, |
| -- |
1985. |
| 300 ## - |
| -- |
xiv, 524 f. : |
| -- |
me il.; |
| -- |
25 cm. |
| 650 #0 - |
| -- |
Analiza e sistemeve |
| 650 #0 - |
| -- |
Dizajni i sistemeve |
| 942 ## - ADDED ENTRY ELEMENTS (KOHA) |
| Source of classification or shelving scheme |
|
| Item type |
Books |